000 01457cam a2200349 a 4500
001 11829130
003 NUST - PNEC
005 20170116180823.0
008 991101s2000 nyua 001 0 eng
010 _a 99057177
020 _a0071350047
040 _aDLC
_cLIBRARY
_dDLC
050 0 0 _aQA273.25
_b.S64 2000
082 0 0 _a519.2076 SPI
100 1 _aSpiegel, Murray R.
245 1 0 _aSchaum's outline of theory and problems of probability and statistics /
_cMurray R. Spiegel, Alu Srinivasan, John J. Schiller.
250 _a2nd ed.
260 _aNew York :
_bMcGraw-Hill,
_cc2000.
300 _aviii, 408 p. :
_bill. ;
_c28 cm.
490 0 _aSchaum's outline series
500 _aIncludes index.
650 0 _aProbabilities
_vProblems, exercises, etc.
_xME
650 0 _aMathematical statistics
_vProblems, exercises, etc.
700 1 _aSrinivasan, R. Alu.
700 1 _aSchiller, John J.
856 4 2 _3Contributor biographical information
_uhttp://www.loc.gov/catdir/bios/mh041/99057177.html
856 4 2 _3Publisher description
_uhttp://www.loc.gov/catdir/description/mh021/99057177.html
856 4 1 _3Table of contents
_uhttp://www.loc.gov/catdir/toc/mh021/99057177.html
906 _a7
_bcbc
_corignew
_d1
_eocip
_f19
_gy-gencatlg
942 _2ddc
_cBK
999 _c63799
_d63799